ბათუმის შოთა რუსთაველის სახელმწიფო უნივერსიტეტის ბიბლიოთეკა

პირველი ქართული სკოლა აჭარაში. (ბიბ.ჩანაწერი № 38311)

000 -ლიდერი
ფიქსირებული სიგრძის საკონტროლო ველი 00809nam a2200205Ia 4500
001 - საკონტროლო ნომერი
საკონტროლო ველი 4321
003 - საკონტროლო ნომრის იდენტიფიკატორი
საკონტროლო ველი GE_BSU
005 - ბოლო ოპერაციის თარიღი და დრო
საკონტროლო ველი 20191004102358.0
008 - ფიქსირებული სიგრძის მონაცემთა ელემენტები - ზოგადი ინფორმაცია
ფიქსირებული სიგრძის საკონტროლო ველი 181216s1982||||ge |||||||||||||| ||geo||
040 ## - კატალოგიზაციის წყარო
Transcribing agency GE_BSU
041 ## - ენის კოდი
Language code of text/sound track or separate title geo
080 ## - უნივერსალური ათობითი კლასიფიკაციის ინდექსი
Universal Decimal Classification number 373.(479.223) წ–87
100 ## - მთავარი ჩანაწერი - პიროვნების სახელი
Personal name წულუკიძე, ვახტანგ
9 (RLIN) 4488
245 ## - ცნობა სათაურის შესახებ
Title პირველი ქართული სკოლა აჭარაში.
Statement of responsibility, etc რედ. გ. მოისწრაფიშვილი.
264 ## - წარმოების, გამოცემის, დისტრიბუციის და სხვა ცნობები
გამოცემის, წარმოების, დისტრიბუციის... ადგილი ბათუმი :
გამოცემის, წარმოების, დისტრიბუციის... სახელწოდება საბჭ. აჭარა,
გამოცემის, წარმოების, დისტრიბუციის... თარიღი 1982.
300 ## - ფიზიკური აღწერა
Extent 95 გვ. ;
Other physical details 21 სმ.
653 ## - INDEX TERM--UNCONTROLLED
Uncontrolled term ქართული სკოლის ისტორია;
700 ## - ADDED ENTRY--PERSONAL NAME
Personal name მოისწრაფიშვილი, გ.
Relator term რედაქტორი
9 (RLIN) 4489
942 ## - ADDED ENTRY ELEMENTS (KOHA)
Koha item type წიგნი
Source of classification or shelving scheme
ეგზემპლარები
ჩამოწერის სტატუსი დაკარგული ეგზემპლარის სტატუსი დაზიანების სტატუსი არ გაიცემა შეძენის თარიღი შტრიხკოდი ბოლო ოპერაციის თარიღი ფასის ძალაში შესვლის თარიღი ეგზემპლარის სახეობა საჯარო შენიშვნა
        2018-12-17 5876 2018-12-17 2018-12-17 წიგნი დარბაზი